00298nam a2200121Ia 4500008004100000041000800041082001200049100000900061245003000070260004100100300002400141365001100165240624s9999 xx 000 0 und d aeng a200 OSH aOSHO aREVOLUTION TALKS ON KABIR c2006aMumbaibJaico Publishing House a323 : p. : cm. ; 21 cRSb20